Countries bordering Algeria - Statistics

General Stats
  • This quiz has been taken 30 times
    9 since last reset
  • The average score is 6 of 7
Answer Stats
Kilometers Miles Answer % Correct
982 610,2 Libya
100%
1376 855 Mali
100%
1559 968,7 Morocco
100%
956 594 Niger
100%
965 600 Tunisia
100%
463 287,7 Mauritania
86%
42 26,1 Western Sahara
43%
No matching quizzes found
Score Distribution
Percent of People with Each Score
Percentile by Number Answered
Your Score History
You have not taken this quiz since the last reset